Formuła 1 - Zwycięzcy Grand Prix w sezonie 2024 - Statystyki

Ogólne statystyki
  • Ten quiz został rozwiązany 216 razy
  • Średni wynik to 20 z 24
Statystyki odpowiedzi
Grand Prix Kierowca % Poprawnych
Bahrajn Max Verstappen
98%
Arabia Saudyjska Max Verstappen
93%
Chiny Max Verstappen
89%
Japonia Max Verstappen
88%
Monako Charles Leclerc
87%
Miami Lando Norris
87%
Emilia-Romagna Max Verstappen
87%
Australia Carlos Sainz
86%
Wielka Brytania Lewis Hamilton
85%
Hiszpania Max Verstappen
85%
Brazylia (Sao Paulo) Max Verstappen
85%
Abu Zabi Lando Norris
84%
Kanada Max Verstappen
84%
Węgry Oscar Piastri
84%
Holandia Lando Norris
83%
Singapur Lando Norris
82%
Katar Max Verstappen
82%
Belgia Lewis Hamilton
80%
Włochy Charles Leclerc
79%
Austria George Russell
79%
Meksyk Carlos Sainz
77%
Azerbejdżan Oscar Piastri
77%
Las Vegas George Russell
76%
Stany Zjednoczone Charles Leclerc
74%
Nie znaleziono quizów pasujących do podanych kryteriów
Rozkład punktacji
Procent ludzi z każdym wynikiem
Percentyl według liczby udzielonych odpowiedzi
Twoja historia wyników
Nie rozwiązałeś tego quizu